000 00709nam a2200205Ii 4500
003 JO-AjNU
008 230605s9999||||xx |||||||||||||| ||und||
040 _aJO-AjNU
_bara
_erda
_cJO-AjNU
041 _aara
050 1 4 _aHF5657.4.J86 2018
100 3 _aجمعة، أحمد حلمي,
_eauthor
_958131
245 0 0 _aالمحاسبة الإدارية: التخطيط والرقابة وصنع القرار
250 _aط2
264 3 1 _aعمان: دار صفاء للطباعة والنشر والتوزيع، 2018
300 _a512ص
336 _atext
_btxt
_2rdacontent
337 _aunmediated
_bn
_2rdamedia
338 _avolume
_bnc
_2rdacarrier
650 4 _aالمحاسبة الإدارية
_958132
999 _aA26089
_c29657
_d29657